| 000 | 00494nam a2200133Ia 4500 | ||
|---|---|---|---|
| 008 | 170221s9999 xx 000 0 und d | ||
| 100 | _aZachary R. Cormier | ||
| 245 | _aDelaware Corporate Law Recognizes the Fundamental Validity of the Forum Selection Bylaw: A Survey of the Boilermakers Litigation | ||
| 245 | _cZachary R. Cormier | ||
| 260 | _c2012 | ||
| 300 | _a32 : 12 | ||
| 650 | _xBusiness | ||
| 856 | _uhttp://digitalcommons.pepperdine.edu/cgi/viewcontent.cgi?article=1121&context=jbel | ||
| 999 |
_c311330 _d311330 |
||